Thomas Gray ; a biography.

Bibliographic Details
Main Author: Ketton-Cremer, R. W. (Robert Wyndham), 1906-1969
Format: Book
Language:English
Published: Cambridge [England] : University Press, 1955.
Subjects:

MARC

Tag First Indicator Second Indicator Subfields
LEADER 00000cam a2200000 4500
001 in00000026402
005 20151007061248.0
008 720717s1955 enka b 00000beng
010 |a  55014583  
035 |a (OCoLC)00357923 
035 |9 AAD1598AM 
040 |a DLC  |c WSU  |d TXA  |d UtOrBLW 
049 |a TXAM  |c [257677] 
050 0 |a PR3503  |b .K4 1955 
092 |a 821  |b G782Yk 
100 1 |a Ketton-Cremer, R. W.  |q (Robert Wyndham),  |d 1906-1969. 
245 1 0 |a Thomas Gray ;  |b a biography. 
264 1 |a Cambridge [England] :  |b University Press,  |c 1955. 
300 |a 309 pages :  |b illustrations ;  |c 23 cm. 
336 |a text  |b txt  |2 rdacontent 
337 |a unmediated  |b n  |2 rdamedia 
338 |a volume  |b nc  |2 rdacarrier 
504 |a Includes bibliography. 
600 1 0 |a Gray, Thomas,  |d 1716-1771. 
999 |a MARS 
999 f f |s 554cf966-164f-37ea-b2e1-31e1477291ed  |i 207d9119-22b2-398a-8b4d-6960ff52c6fa  |t 0 
952 f f |p normal  |a Texas A&M University  |b College Station  |c Sterling C. Evans Library  |d Evans: Library Stacks  |t 0  |e PR3503 .K4 1955  |h Library of Congress classification  |i unmediated -- volume  |m A14801280244 
998 f f |a PR3503 .K4 1955  |t 0  |l Evans: Library Stacks